[Event "Avoine op 34th"]
[Site "Avoine"]
[Date "2019.07.24"]
[Round "5"]
[White "Delaveau, Nathan"]
[Black "Devallee, Jeremie"]
[Result "0-1"]
[WhiteElo "1547"]
[BlackElo "2299"]
[PlyCount "72"]
[EventDate "2019.07.20"]
[EventType "swiss"]
[EventRounds "9"]
[EventCountry "FRA"]
[SourceTitle "EXT 2020"]
[Source "ChessBase"]
[SourceDate "2019.10.17"]
[SourceVersion "1"]
[SourceVersionDate "2019.10.17"]
[SourceQuality "1"]

1. d4 Nf6 2. Nf3 c5 3. d5 e6 4. Nc3 exd5 5. Nxd5 Nxd5 6. Qxd5 Nc6 7. Bg5 Be7 8. 0-0-0 Nb4 9. Bxe7 Qxe7 10. Qb3 d6 11. a3 Be6 12. Qa4+ Nc6 13. e3 0-0 14. Bd3 a6 15. Qf4 f6 16. h4 g6 17. g4 Ne5 18. Nxe5 dxe5 19. Qg3 c4 20. Be2 c3 21. f4 Rac8 22. fxe5 cxb2+ 23. Kxb2 Qc5 24. Rd2 Qc3+ 25. Kb1 Qxd2 26. Bd3 Rfd8 27. e4 Rc3 28. Rh2 Rdxd3 29. Rxd2 Rxg3 30. exf6 Rxg4 31. Rd8+ Kf7 32. e5 Re4 33. Rh8 Rxe5 34. Rxh7+ Kxf6 35. Rxb7 Rb5+ 36. Rxb5 axb5 0-1